| 000 | 00551nam a2200181Ia 4500 | ||
|---|---|---|---|
| 003 | GCL | ||
| 008 | 140319s9999 xx 000 0 ara d | ||
| 040 |
_aGCL / _cGCL |
||
| 082 | 0 | 4 |
_a301.22 _bف ث |
| 100 | 1 | _aفتحى عبدالفتاح | |
| 245 | 1 | 0 |
_aالثقافة والقرية / _cفتحى عبدالفتاح |
| 300 | _a62 ص | ||
| 490 |
_aاخترنا للفلاح _v0 |
||
| 650 | 0 | 4 | _aالمجتمعات الريفية |
| 650 | 0 | 4 | _aالانثربولوجيا الثقافية |
| 650 | 0 | 4 | _aالثقافة القروية |
| 942 |
_2ddc _cBK |
||
| 999 |
_c47203 _d47203 |
||